000 00448nam a22001457a 4500
008 150427b xxu||||| |||| 00| 0 eng d
050 _aQ175.C64
100 _aConant, James B.
_917565
245 _aScience and common sense
_c/by James B. Conant
260 _aLondon
_bYale university Press
_c1951
300 _axii,344p. ;
_c21cm.
650 _aScience
_xMethodology
_917566
650 _aScience
_xExperiments
_95933
942 _2lcc
_cMONOGRAPH
999 _c122774
_d122774